banner koha

Efeito de poda na produtividade, conservacao e qualidade de raizes de mandioa (Manhiot esculenta Crantz) (Registro n. 37783)

MARC details
000 -LÍDER
campo de controle de tamanho fixo 01093nam a22003257a 4500
001 - NÚMERO DE CONTROLE
campo de controle BR8600621
003 - IDENTIFICADOR DO NÚMERO DE CONTROLE
campo de controle BR-BrBNA
005 - DATA E HORÁRIO DA ÚLTIMA TRANSAÇÃO
campo de controle 20230928092227.0
007 - CAMPO FIXO DE DESCRIÇÃO FÍSICA--INFORMAÇÃO GERAL
campo de controle de tamanho fixo ta
008 - CAMPO DE DADOS FIXOS--INFORMAÇÃO GERAL
campo de controle de tamanho fixo 230509b bl.||||| |||| 00| 0 por d
040 ## - FONTE DA CATALOGAÇÃO
Instituição da catalogação original BR-BrBNA
Idioma da catalogação por
Instituição que transcreveu o registro Biblioteca Nacional de Agricultura
041 ## - CÓDIGO DE IDIOMA
Código do idioma do texto/trilha sonora ou título diferente (Por)
072 ## - CÓDIGO DE CATEGORIA DE ASSUNTO
Código de Categoria de Assunto F60; F01
Código do objeto 1540
090 ## - NÚMERO DE CHAMADA LOCAL
-- 1540 BR8600621
100 1# - ENTRADA PRINCIPAL--NOME PESSOAL
Nome pessoal Santiago, A.D.
110 1# - ENTRADA PRINCIPAL--NOME CORPORATIVO
Nome corporativo ou nome da jurisdição Escola Superior de Agricultura de Lavras, MG (Brasil)
Grau Universitário Tse (Mestrado)
245 1# - TÍTULO
Título Efeito de poda na produtividade, conservacao e qualidade de raizes de mandioa (Manhiot esculenta Crantz)
246 1# - FORMA VARIANTE DO TÍTULO
Título/título abreviado [Effect of pruning on the productivity, preservation and quality of cassava (Manihot esculenta Crantz)]
260 3# - PUBLICAÇÃO, DISTRIBUIÇÃO, ETC.
Local de publicação, distribuição, etc. Lavras, MG (Brasil):
Data da publicação, distribuição, etc. 1985.
300 ## - DESCRIÇÃO FÍSICA
Extensão 116 p.
500 ## - NOTA GERAL
Nota geral 49 illus.; Summaries (Eng, Por); Bibliography p. 79-87 (54 ref.)
650 ## - ASSUNTO--TERMO TÓPICO
Cabeçalho tópico ou nome geográfico MANDIOCA
650 ## - ASSUNTO--TERMO TÓPICO
Cabeçalho tópico ou nome geográfico RAIZ ALIMENTICIA
650 ## - ASSUNTO--TERMO TÓPICO
Cabeçalho tópico ou nome geográfico PODA
650 ## - ASSUNTO--TERMO TÓPICO
Cabeçalho tópico ou nome geográfico PRODUTIVIDADE
650 ## - ASSUNTO--TERMO TÓPICO
Cabeçalho tópico ou nome geográfico CONSERVACAO
650 ## - ASSUNTO--TERMO TÓPICO
Cabeçalho tópico ou nome geográfico PROPRIEDADE FISICO-QUIMICA
909 ## -
-- 202309
-- Lucia
-- 55
-- Lucia Elande
942 ## - ELEMENTOS DE ENTRADA ADICIONADOS (KOHA)
Tipo de material Koha Livros
Exemplares
Situação do descarte Fonte da classificação ou esquema de arquivamento na estante Situação física Não pode ser emprestado Coleção Biblioteca de origem Biblioteca atual Total de empréstimos Número de telefone completo Código de barras Data de último acesso Número do exemplar Tipo de material Koha Situação das perdas Data de aquisição Fonte de aquisição
  Classificação AGRIS       Biblioteca Nacional de Agricultura - Binagri Biblioteca Nacional de Agricultura - Binagri   1540 BR8600621 1540 BR8600621 25/09/2023 01 Livros   2023-09-25 Portaria Interministerial nº 164/94

BINAGRI

Telefone: (61)3218-2567/2388/3357/2097 - binagri@agro.gov.br

Ministério da Agricultura e Pecuária , Esplanada dos Ministérios, Bloco D, Anexo B, Brasília/DF, CEP: 70.043-900